00226nam a2200097Ia 4500008004100000100001600041245002400057260002300081942000700104999001700111190216s9999||||xx |||||||||||||| ||und|| aKhanna. Ml 0aSpherical Astronamy bJaiprakashnath&Co: cBK c32812d32812